Word Ladder: Bette Davis Movies Quiz Stats

 Plays Quiz Updated Jan 11, 2018

Challenge
Share
Tweet
Embed
Score 0/32 Timer 04:00
0 Plays Today
Clue 4-Letter Word % Correct
★ ''The Man Who ____ to Dinner'' (1941)CAME
96.9%
2007 movie: ''____ Free or Die Hard''LIVE
96.6%
★ ''Where Love Has ____'' (1964) ★GONE
96.6%
Movie star Autry or Hackman, e.g.GENE
96.2%
Movie actor Nicolas ____CAGE
95.9%
Solitary; unaccompaniedLONE
95.2%
Single sheet of glassPANE
95%
1993: ''In the ____ of the Father''NAME
94.8%
★ ''It's ____ I'm After'' (1937) ★LOVE
94.6%
Building on a farmBARN
94.3%
Angry sound from a dogBARK
94.2%
1978 movie: ''The Thirty-____ Steps''NINE
94.1%
1965 movie: ''____ but the Brave''NONE
93.3%
★ ''What Ever Happened to Baby ____?'' (1962) ★JANE
93.1%
★ ''In This Our ____'' (1942) ★LIFE
92.8%
★ ''Front ____ Woman'' (1935) ★PAGE
92.5%
Clue 4-Letter Word % Correct
★ ''The ____ Horse'' (1932) ★DARK
92.5%
Delivered by an OB-GYNBORN
92%
★ ''Way Back ____'' (1932) ★HOME
91.9%
To sharpenHONE
91.7%
City in western AlaskaNOME
90.7%
★ ''Death on the ____'' (1978) ★NILE
90.6%
Damp; humidDANK
89.8%
Submerge in liquidDUNK
89.2%
Old or discarded materialJUNK
88.8%
★ ''____ Bride'' (1948) ★JUNE
87.9%
★ ''The ____ Is Green'' (1945) ★
OR veggie that grows in ears
CORN
87.8%
Small fluteFIFE
86.7%
1974 movie: ''The Odessa ____''FILE
86.6%
★ ''Jimmy the ____'' (1934) ★
OR a chivalrous male
GENT
83.5%
A music playing box, for shortJUKE
81.5%
★ ''The Judge and ____ Wyler (1972) ★JAKE
79.9%

Today's Daily Dose

You're not logged in!

Compare scores with friends on all Sporcle quizzes.
Join for Free
OR
Log In

You Might Also Like...

Show Comments

Extras

Top Quizzes Today


Score Distribution

Your Account Isn't Verified!

In order to create a playlist on Sporcle, you need to verify the email address you used during registration. Go to your Sporcle Settings to finish the process.

Report this User

Report this user for behavior that violates our Community Guidelines.

Details: